Southville International School and Colleges
Your cart is empty.
  • Cart
  • Lists
    Public lists Eva Luna New books Lux_list list_1
    Your lists Log in to create your own lists
  • Log in to your account
  • Your cookies
  • Search history
Southville International School and Colleges
  • Advanced search
  • Recent comments
  • Most popular
  • Libraries

Log in to your account

Log in with GOOGLE


If you do not have an external account, but do have a local account, you can still log in:

  1. Home
  2. MARC view: Madame Bovary
Normal view MARC view ISBD view

Madame Bovary (Record no. 231750)

[ view plain ]
MARC details
000 -LEADER
fixed length control field 00909cam a22003133a 4500
001 - CONTROL NUMBER
control field 2413
003 - CONTROL NUMBER IDENTIFIER
control field PGUSA
005 - DATE AND TIME OF LATEST TRANSACTION
control field 20140828083014.0
008 - FIXED-LENGTH DATA ELEMENTS--GENERAL INFORMATION
fixed length control field 060226s2006||||xxu|||||s|||||000 1 eng d
040 ## - CATALOGING SOURCE
Original cataloging agency PGUSA
Language of cataloging eng
042 ## - AUTHENTICATION CODE
Authentication code dc
050 #4 - LIBRARY OF CONGRESS CALL NUMBER
Classification number PQ
100 1# - MAIN ENTRY--PERSONAL NAME
Personal name Flaubert, Gustave,
Dates associated with a name 1821-1880
245 10 - TITLE STATEMENT
Title Madame Bovary
Medium [electronic resource] /
Statement of responsibility, etc Gustave Flaubert
260 ## - PUBLICATION, DISTRIBUTION, ETC. (IMPRINT)
Name of publisher, distributor, etc Project Gutenberg,
Date of publication, distribution, etc 2006
506 ## - RESTRICTIONS ON ACCESS NOTE
Terms governing access Public domain in the USA.
516 ## - TYPE OF COMPUTER FILE OR DATA NOTE
Type of computer file or data note Electronic text
653 ## - INDEX TERM--UNCONTROLLED
Uncontrolled term Suicide victims -- Fiction
653 ## - INDEX TERM--UNCONTROLLED
Uncontrolled term Physicians' spouses -- Fiction
653 ## - INDEX TERM--UNCONTROLLED
Uncontrolled term France -- Fiction
653 ## - INDEX TERM--UNCONTROLLED
Uncontrolled term Domestic fiction
653 ## - INDEX TERM--UNCONTROLLED
Uncontrolled term Married women -- Fiction
653 ## - INDEX TERM--UNCONTROLLED
Uncontrolled term Middle class -- Fiction
653 ## - INDEX TERM--UNCONTROLLED
Uncontrolled term Adultery -- Fiction
700 1# - ADDED ENTRY--PERSONAL NAME
Personal name Aveling, Eleanor Marx,
Dates associated with a name 1855-1898
830 #0 - SERIES ADDED ENTRY--UNIFORM TITLE
Uniform title Project Gutenberg
Volume number/sequential designation 2413
856 40 - ELECTRONIC LOCATION AND ACCESS
Uniform Resource Identifier <a href="http://www.gutenberg.org/ebooks/2413">http://www.gutenberg.org/ebooks/2413</a>
942 ## - ADDED ENTRY ELEMENTS (KOHA)
Koha item type eBooks
Holdings
Withdrawn status Lost status Damaged status Home library Current library Date acquired Total Checkouts Date last seen Price effective from Koha item type
      Project Gutenberg Project Gutenberg 08/28/2014   08/28/2014 08/28/2014 eBooks

Madame Bovary

APA

Flaubert G., Aveling E. M., . (2006). Madame Bovary. : Project Gutenberg.

Chicago

Flaubert Gustave, Aveling Eleanor Marx, . 2006. Madame Bovary. : Project Gutenberg.

Harvard

Flaubert G., Aveling E. M., . (2006). Madame Bovary. : Project Gutenberg.

MLA

Flaubert Gustave, Aveling Eleanor Marx, . Madame Bovary. : Project Gutenberg. 2006.

  • Place hold
  • Print
  • Cite
  • Add to your cart (remove)
  • Save record
    BIBTEX Dublin Core MARCXML MARC (non-Unicode/MARC-8) MARC (Unicode/UTF-8) MARC (Unicode/UTF-8, Standard) MODS (XML) RIS
  • More searches
    Search for this title in:
    Other Libraries (WorldCat) Other Databases (Google Scholar) Online Stores (Bookfinder.com) Open Library (openlibrary.org)

Exporting to Dublin Core...

SOUTHVILLE LIBRARY

Southville International School and Colleges Library

1281 Tropical Ave. Cor. Luxembourg St., BF Homes International, Las Pinas City

Tel. No. 8256374 / 252358 Loc. 117/146

Powered by Koha